OCDE Etudes Economiques

Salvato in:
Dettagli Bibliografici
Natura: Periodico
Lingua:francese
Pubblicazione: Paris OCDE 1984/1985
Tags: Aggiungi Tag
Nessun Tag, puoi essere il primo ad aggiungerne!!

MARC

LEADER 00000nas2a2200000 4500
001 s028200
005 20250730114137.8
041 0 |a fre 
044 |a FR 
245 1 0 |a OCDE Etudes Economiques 
264 1 |a Paris  |b OCDE  |c 1984/1985 
300 |a 1 zv. 
773 0 |w eu_un_cat*s120982